000 00462nam a2200157Ia 4500
008 160316s1998 xxu||||| |||| 00| 0 eng d
082 _a341.650000
_bROV
100 _aRover C De
245 _aTo serve and to protect : Human rights and humanitarian law for police and security forces
250 _a
260 _aGeneva
_bI C R C
_c1998
300 _a455p
_b
_c
365 _b Gratis
650 _a1. Humanitarian Law - Police & Seucirty Forces
700 _a
_a
999 _c26992
_d26992